1278 1120 1266 1435 1267 1328 1036 1406 1060 1999 1449 1382 1827 1715 1554 1781 1398 1445 1855 1766 1075 1037 1222 1454 1517 1309 1917 1285 1497 1387 1252 1883 1068 1314 1208 1045 1174 1396 1526 1679 1302 1007 1679 1961 1293 1227 1516 1196 1438 1508 1590 1931 1635 1161 1175 1203 1828 1696 1504 1683 1004 1343 1021 1104 1048 1106 1165 1403 1362 1961 1404 1015 1375 1739 1368 1676 1332 1894 1557 1813 1610 1244 1956 1576 1212 1855 1701 1848 1582 1954 1007 1322 1648 1694 1213 1811 1425 1599 1704 BCNSPRNW ULIB Ver.6.0+V

เปลี่ยนเป็นภาษาไทย

Change to English
 แสดงรายละเอียดบรรณานุกรม
  กลับหน้าหลัก

Brief Record : Get Marc (ISO 2709) : E-mail record : QR code < ปิดหน้าต่าง
LEADER : 00000nam 2200000uu 4500
001    13399121858
003     ULIB
008    121212s2549||||th 000 0 tha d
020    ^a9749427998
020    ^a9789749427996
060 04 ^aWO5^bป364ศ ล.34
245 00 ^aศัลยศาสตร์วิวัฒน์ 34 :^bDifficult surgery /^c[บรรณาธิการ],ประยุทธ์ ศิริวงศ์, เพชร เกษตรสุวรรณ, ชาญชัย นิมิตรวานิช
246 30 ^aDifficult surgery
250    ^aพิมพ์ครั้งที่ 1
260    ^aกรุงเทพฯ :^bโฆษิตการพิมพ์,^c2549
300    ^a593 หน้า :^bภาพประกอบ ;^c22 ซม.
650  7 ^aศัลยศาสตร์
653    ^aผลงานอาจารย์คณะแพทยศาสตร์ศิริราชพยาบาล
700 0  ^aประยุทธ์ ศิริวงศ์,^eบรรณาธิการ
700 0  ^aเพชร เกษตรสุวรรณ,^eบรรณาธิการ
700 0  ^aชาญชัย นิมิตรวานิช,^eบรรณาธิการ
945    ^p800^l0^i24772
995    ^aทศพร
999    ^aทศพร เกษรทอง
รายการนี้ยังไม่มีแท็ก
คุณยังไม่ได้ล็อกอิน คุณสามารถมีกิจกรรมร่วมกับเว็บไซต์ได้ แต่ต้องล็อกอินก่อน ::
  ล็อกอิน

รายการสื่อสารสนเทศ

ลำดับที่ ประเภท เลขเรียก/บาร์โค้ด สถานที่ สถานะ
1. วิทยาศาสตร์การแพทย์ และสุขภาพ
วิทยาศาสตร์การแพทย์ และสุขภาพ
WO5 ป364ศ ล.34 ฉ.1 
  Barcode: 24772
ห้องสมุดวิทยาเขตสวรรค์ประชารักษ์
►หนังสือทั่วไป
บนชั้น

รายการใกล้เคียง
    หัวเรื่อง [ศัลยศาสตร์]

BibComment


ยังไม่เคยถูกคอมเมนท์

คอมเมนท์ทรัพยากรรายการนี้
  คอมเมนท์: ศัลยศาสตร์วิวัฒน..


 Copyright 2026. Bcnsprnw @Library